| 000 | 01456nam a22003137a 4500 | ||
|---|---|---|---|
| 001 | 9180 | ||
| 003 | FISKH | ||
| 005 | 20251127105505.0 | ||
| 008 | 251127b cb ||||| |||| 00| 0 eng d | ||
| 020 | _a9788184851038 | ||
| 040 |
_aFISKH _beng _cFISKH _dFISKH |
||
| 082 | _a823.8 | ||
| 100 | _aKipling, Rudyard | ||
| 245 |
_aStories from the jungle book / _cRetold by Bani Roy Choudhury |
||
| 250 | _aThis edition published in 2012 | ||
| 260 |
_aNew Delhi : _bLearners, _c2007. |
||
| 300 |
_a80 pages : _bcolor illustrations ; _c22 cm |
||
| 490 |
_aGraded readers - 1250 Plus headwords : _vLevel 2 |
||
| 505 | _aQ | ||
| 520 | _aFour short stories are included in this volume of Kipling works, they are (1) MOWGLI'S BROTHERS- Mowgli, a small boy, is found orphaned in the jungle by wolves and raised by them. (2) KAA'S HUNTING - Mowgli is kidnapped by the Bandar-log (monkeys) and rescued by Kaa, a python. (3) THE WHITE SEAL - The community of seals believe a great white seal will come, and deliver them from the wrath of the seal hunters. (4) RIKKI TIKKI TAVI - A young mongoose defends his human family against a pair of marauding cobras. | ||
| 521 | 8 |
_a660
_bLexile estimate |
|
| 521 | 8 |
_aQ
_bRaz-Plus |
|
| 650 |
_aJungle animals _vFiction |
||
| 650 |
_aAdventure stories _vChildren's literature. |
||
| 650 |
_aBoys _vFiction |
||
| 650 |
_a Human-animal relationships _vFiction |
||
| 942 |
_2ddc _cBK _n0 |
||
| 999 |
_c9180 _d9180 |
||